[Event "Chefchaouen op"]
[Site "Chefchaouen"]
[Date "2022.10.24"]
[Round "3"]
[White "Chia, Abdellah"]
[Black "Zekraoui, Houssine"]
[Result "1-0"]
[WhiteElo "1530"]
[BlackElo "1853"]
[PlyCount "55"]
[EventDate "2022.10.23"]
[EventType "swiss"]
[EventRounds "7"]
[EventCountry "MAR"]
[SourceTitle "EXT 2024"]
[Source "ChessBase"]
[SourceDate "2023.10.10"]
[SourceVersion "1"]
[SourceVersionDate "2023.10.10"]
[SourceQuality "1"]

1. Nf3 Nf6 2. e3 d5 3. d4 Bg4 4. h3 Bh5 5. g4 Bg6 6. Ne5 e6 7. h4 h6 8. Nxg6 fxg6 9. Bd3 Ne4 10. f3 Qd6 11. fxe4 Qg3+ 12. Kd2 Qg2+ 13. Be2 Qg3 14. e5 Be7 15. Qe1 Qxe1+ 16. Kxe1 0-0 17. Bd3 c5 18. Bxg6 cxd4 19. exd4 Nc6 20. c3 Rf3 21. Ke2 Raf8 22. Be3 Rg3 23. g5 Rg2+ 24. Kd3 Rg3 25. Nd2 hxg5 26. hxg5 Bxg5 27. Ke2 Bh6 28. Ke1 1-0

[Event "Chefchaouen op"]
[Site "Chefchaouen"]
[Date "2022.10.24"]
[Round "2"]
[White "Kajaj, Arsalan"]
[Black "Chia, Abdellah"]
[Result "0-1"]
[WhiteElo "1968"]
[BlackElo "1530"]
[PlyCount "78"]
[EventDate "2022.10.23"]
[EventType "swiss"]
[EventRounds "7"]
[EventCountry "MAR"]
[SourceTitle "EXT 2024"]
[Source "ChessBase"]
[SourceDate "2023.10.10"]
[SourceVersion "1"]
[SourceVersionDate "2023.10.10"]
[SourceQuality "1"]

1. d4 Nf6 2. Bf4 e6 3. e3 d5 4. Nd2 Bd6 5. Bg3 b6 6. Ngf3 Bxg3 7. hxg3 Ba6 8. c4 Nbd7 9. Qa4 Bb7 10. Ne5 0-0 11. Bd3 g6 12. Ndf3 Nxe5 13. dxe5 Nd7 14. Qc2 dxc4 15. Be4 Bxe4 16. Qxe4 Nc5 17. Qxc4 a5 18. Rd1 Qe7 19. Qg4 Rad8 20. Nd4 f5 21. Qh4 Qxh4 22. Rxh4 Rd5 23. Nc6 Rxd1+ 24. Kxd1 Rf7 25. Rd4 Rd7 26. Rxd7 Nxd7 27. b3 Kf8 28. a4 Nc5 29. Nd4 Ke7 30. Ke2 Ne4 31. Nc6+ Kd7 32. Nb8+ Kc8 33. Nc6 g5 34. Nd4 Kd7 35. Nf3 Kc6 36. Nd2 Nxd2 37. Kxd2 Kd5 38. f4 Ke4 39. fxg5 c6 0-1